[Event "Muensterland Verbandsklasse 2122"]
[Site "Germany"]
[Date "2021.09.25"]
[Round "1.2"]
[White "Fuhrmann, Andreas"]
[Black "Kammers, Heribert"]
[Result "0-1"]
[WhiteElo "1661"]
[BlackElo "1952"]
[PlyCount "120"]
[EventDate "2021.09.25"]
[EventType "team-tourn"]
[EventRounds "2"]
[EventCountry "GER"]
[SourceTitle "EXT 2023"]
[Source "ChessBase"]
[SourceDate "2022.10.05"]
[SourceVersion "1"]
[SourceVersionDate "2022.10.05"]
[SourceQuality "1"]
[WhiteTeam "Emsdetten Rochade III"]
[BlackTeam "Hiltrup"]
[WhiteTeamCountry "GER"]
[BlackTeamCountry "GER"]

1. Nf3 d5 2. c4 e6 3. g3 Nf6 4. Bg2 Be7 5. 0-0 0-0 6. b3 c5 7. e3 Nc6 8. Bb2 b6 9. Nc3 Bb7 10. cxd5 exd5 11. d4 Rc8 12. Bh3 Rb8 13. Rc1 Bc8 14. Bg2 Bg4 15. h3 Bh5 16. g4 Bg6 17. Ne5 Nxe5 18. dxe5 Ne4 19. Nxd5 Bh4 20. Nc3 Nxf2 21. Rxf2 Bxf2+ 22. Kxf2 Qh4+ 23. Kg1 Rbd8 24. Qe1 Qxe1+ 25. Rxe1 Rd2 26. Ba1 Rfd8 27. Be4 Bxe4 28. Nxe4 Rxa2 29. Nd6 f6 30. Rf1 fxe5 31. Bxe5 Rd7 32. Rf2 Ra3 33. Rb2 Ra1+ 34. Kg2 Rd1 35. Nf5 R1d2+ 36. Rxd2 Rxd2+ 37. Kf3 Rd3 38. Ne7+ Kf7 39. Nc8 Rxb3 40. Nxa7 c4 41. Nc6 b5 42. Ke2 Rb1 43. Bc3 Rh1 44. Nd4 Rb1 45. Nc6 Rc1 46. Kd2 Rh1 47. Nd4 Rh2+ 48. Kd1 Rxh3 49. Nxb5 Rxe3 50. g5 Kg6 51. Bd2 Rd3 52. Ke2 h6 53. gxh6 gxh6 54. Nc3 Kf5 55. Bxh6 Rxc3 56. Kd2 Rg3 57. Kc2 c3 58. Bf8 Ke4 59. Bd6 Rf3 60. Bc5 Kd5 0-1

[Event "Muensterland Verbandsklasse 1920"]
[Site "Germany"]
[Date "2020.02.15"]
[Round "6.1"]
[White "Kammers, Heribert"]
[Black "Stegemann, Norbert"]
[Result "1/2-1/2"]
[WhiteElo "1941"]
[BlackElo "1871"]
[PlyCount "44"]
[EventDate "2019.09.14"]
[EventType "team-tourn"]
[EventRounds "7"]
[EventCountry "GER"]
[SourceTitle "EXT 2023"]
[Source "ChessBase"]
[SourceDate "2022.10.05"]
[SourceVersion "1"]
[SourceVersionDate "2022.10.05"]
[SourceQuality "1"]
[WhiteTeam "Hiltrup"]
[BlackTeam "Duelmen II"]
[WhiteTeamCountry "GER"]
[BlackTeamCountry "GER"]

1. b4 d5 2. Nf3 Nf6 3. Bb2 Bf5 4. e3 e6 5. a3 Be7 6. c4 0-0 7. d4 dxc4 8. Bxc4 Nbd7 9. 0-0 Nb6 10. Be2 Ne4 11. Ne5 h6 12. f3 Nf6 13. e4 Bh7 14. Bc1 Nfd7 15. Nxd7 Qxd7 16. Be3 Rfd8 17. Qc1 Bg5 18. Rd1 Bxe3+ 19. Qxe3 Qe7 20. Nc3 Rd7 21. Rd2 Rad8 22. Rad1 c6 1/2-1/2

[Event "Muensterland Verbandsklasse 1819"]
[Site "Germany"]
[Date "2019.04.06"]
[Round "8.1"]
[White "Kammers, Heribert"]
[Black "Vos, Thomas"]
[Result "0-1"]
[WhiteElo "1992"]
[BlackElo "2044"]
[PlyCount "80"]
[EventDate "2018.09.15"]
[EventType "team-tourn"]
[EventRounds "9"]
[EventCountry "GER"]
[SourceTitle "EXT 2020"]
[Source "ChessBase"]
[SourceDate "2019.10.17"]
[SourceVersion "1"]
[SourceVersionDate "2019.10.17"]
[SourceQuality "1"]
[WhiteTeam "Hiltrup"]
[BlackTeam "Saerbeck"]
[WhiteTeamCountry "GER"]
[BlackTeamCountry "GER"]

1. d4 d5 2. Nf3 Nc6 3. Bf4 Bg4 4. Nbd2 e6 5. e3 Bd6 6. c3 f6 7. Qb3 Nge7 8. Bxd6 Qxd6 9. Be2 e5 10. Nxe5 Bxe2 11. Nxc6 Bc4 12. Nxc4 dxc4 13. Qxc4 Qxc6 14. Qxc6+ Nxc6 15. e4 h5 16. f4 Kf7 17. 0-0-0 Ne7 18. d5 Rhd8 19. c4 b5 20. c5 f5 21. d6 cxd6 22. cxd6 Rac8+ 23. Kb1 Ng6 24. e5 Nxf4 25. Rhf1 Rc4 26. g3 Ng6 27. Rxf5+ Ke6 28. Rg5 Nxe5 29. Re1 Rc5 30. Rxg7 Rxd6 31. Rxa7 Rd2 32. h3 Rcc2 33. b3 Kd5 34. Ra8 Rb2+ 35. Ka1 Re2 36. Rxe2 Rxe2 37. Rb8 Kc5 38. a4 Kb4 39. Rxb5+ Ka3 40. Kb1 Nd3 0-1

[Event "Bad Woerishofen op-A 35th"]
[Site "Bad Woerishofen"]
[Date "2019.03.15"]
[Round "1.41"]
[White "Kammers, Heribert"]
[Black "Koch, Harald"]
[Result "1/2-1/2"]
[WhiteElo "2093"]
[BlackElo "1919"]
[PlyCount "43"]
[EventDate "2019.03.15"]
[EventType "swiss"]
[EventRounds "9"]
[EventCountry "GER"]
[SourceTitle "EXT 2020"]
[Source "ChessBase"]
[SourceDate "2019.10.17"]
[SourceVersion "1"]
[SourceVersionDate "2019.10.17"]
[SourceQuality "1"]

1. Nf3 Nc6 2. d4 Nf6 3. e3 g6 4. Be2 d6 5. c4 Bg7 6. Nc3 0-0 7. 0-0 e5 8. d5 Ne7 9. e4 a5 10. a3 Kh8 11. Ne1 Nfg8 12. Nd3 f5 13. f4 fxe4 14. Nxe4 Nf5 15. fxe5 dxe5 16. Qe1 Nd4 17. Ng5 Bf6 18. Bd1 Bf5 19. Ne4 Bg7 20. Ndc5 b6 21. Nb3 Qd7 22. Nxd4 1/2-1/2

[Event "Muensterland Verbandsklasse 1819"]
[Site "Germany"]
[Date "2019.02.09"]
[Round "6.1"]
[White "Kloenne, Tim"]
[Black "Kammers, Heribert"]
[Result "1-0"]
[WhiteElo "1796"]
[BlackElo "1992"]
[PlyCount "69"]
[EventDate "2018.09.15"]
[EventType "team-tourn"]
[EventRounds "9"]
[EventCountry "GER"]
[SourceTitle "EXT 2020"]
[Source "ChessBase"]
[SourceDate "2019.10.17"]
[SourceVersion "1"]
[SourceVersionDate "2019.10.17"]
[SourceQuality "1"]
[WhiteTeam "Gronau II"]
[BlackTeam "Hiltrup"]
[WhiteTeamCountry "GER"]
[BlackTeamCountry "GER"]

1. c4 e6 2. g3 d5 3. Bg2 Nf6 4. Nf3 Be7 5. 0-0 0-0 6. d4 c5 7. cxd5 exd5 8. Nc3 Nc6 9. Bg5 c4 10. Ne5 Be6 11. e3 h6 12. Bxf6 Bxf6 13. f4 Ne7 14. g4 Bxe5 15. fxe5 Qd7 16. h3 b5 17. a3 Rab8 18. Rf2 Rfd8 19. Ne2 b4 20. Nf4 Nc6 21. Qf3 Qe7 22. Qg3 bxa3 23. bxa3 Rb3 24. Nh5 Rxa3 25. Rxa3 Qxa3 26. Qf4 Qf8 27. g5 Ne7 28. gxh6 gxh6 29. e4 Ng6 30. Qg3 Kh8 31. exd5 Bxd5 32. Bxd5 Rxd5 33. Qxg6 Rxd4 34. Qf6+ Kh7 35. Rg2 1-0

[Event "Muensterland Verbandsklasse 1718"]
[Site "Germany"]
[Date "2017.10.14"]
[Round "2.1"]
[White "Kammers, Heribert"]
[Black "Lehmann, Mona"]
[Result "1/2-1/2"]
[WhiteElo "1992"]
[BlackElo "1909"]
[PlyCount "47"]
[EventDate "2017.09.16"]
[EventType "team-tourn"]
[EventRounds "9"]
[EventCountry "GER"]
[SourceTitle "EXT 2019"]
[Source "ChessBase"]
[SourceDate "2018.10.10"]
[SourceVersion "1"]
[SourceVersionDate "2018.10.10"]
[SourceQuality "1"]
[WhiteTeam "Hiltrup"]
[BlackTeam "Emsdetten Rochade III"]
[WhiteTeamCountry "GER"]
[BlackTeamCountry "GER"]

1. Nf3 Nf6 2. b3 g6 3. Bb2 Bg7 4. c4 0-0 5. g3 d6 6. d4 Nbd7 7. Bg2 c6 8. 0-0 Qc7 9. Nc3 Rd8 10. e4 e5 11. Re1 Nf8 12. d5 Bg4 13. h3 Bd7 14. Rc1 Nh5 15. Nh2 c5 16. Bf3 Nf6 17. Ng4 Nxg4 18. hxg4 Bc8 19. Rc2 Qe7 20. Bc1 h6 21. Be3 Nh7 22. Qd2 Ng5 23. Bxg5 hxg5 24. Kg2 1/2-1/2

[Event "Muensterland Verbandsklasse 1718"]
[Site "Germany"]
[Date "2017.09.16"]
[Round "1.1"]
[White "Kammers, Heribert"]
[Black "Lerke, Bernd"]
[Result "0-1"]
[WhiteElo "1992"]
[BlackElo "1811"]
[PlyCount "88"]
[EventDate "2017.09.16"]
[EventType "team-tourn"]
[EventRounds "9"]
[EventCountry "GER"]
[SourceTitle "EXT 2019"]
[Source "ChessBase"]
[SourceDate "2018.10.10"]
[SourceVersion "1"]
[SourceVersionDate "2018.10.10"]
[SourceQuality "1"]
[WhiteTeam "Hiltrup"]
[BlackTeam "Nordwalde"]
[WhiteTeamCountry "GER"]
[BlackTeamCountry "GER"]

1. d4 Nf6 2. Bg5 c5 3. Bxf6 gxf6 4. d5 Qb6 5. Qc1 f5 6. g3 Bh6 7. e3 Bg7 8. c3 e5 9. Ne2 d6 10. Nd2 Qd8 11. Qc2 b5 12. a4 b4 13. cxb4 cxb4 14. a5 0-0 15. Bh3 f4 16. Bxc8 Qxc8 17. Rc1 Qb7 18. e4 Na6 19. Qc6 Qxc6 20. Rxc6 Nc5 21. 0-0 f3 22. Nxf3 Nxe4 23. Rc4 Nc5 24. Ng5 Rab8 25. f3 Rb5 26. Ne4 Rd8 27. Rfc1 Bh6 28. R1c2 f5 29. Nf2 b3 30. R2c3 Bd2 31. g4 Bxc3 32. Nxc3 Rxa5 33. gxf5 Ra1+ 34. Kg2 a5 35. Nfe4 Nxe4 36. Nxe4 Rb1 37. Rc7 Rxb2+ 38. Kh3 Rf8 39. f6 Rc2 40. Rb7 a4 41. Kg4 Rg2+ 42. Kf5 b2 43. Ke6 a3 44. Nxd6 Rg6 0-1

[Event "Muensterland Regionalliga 1516"]
[Site "Germany"]
[Date "2016.02.27"]
[Round "7.2"]
[White "Lodde, Martin"]
[Black "Kammers, Heribert"]
[Result "1-0"]
[WhiteElo "1973"]
[BlackElo "2043"]
[PlyCount "139"]
[EventDate "2015.09.05"]
[EventType "team"]
[EventRounds "9"]
[EventCountry "GER"]
[SourceTitle "EXT 2017"]
[Source "ChessBase"]
[SourceDate "2016.10.25"]
[SourceVersion "1"]
[SourceVersionDate "2016.10.25"]
[SourceQuality "1"]
[WhiteTeam "Telgte"]
[BlackTeam "Muenster SK II"]
[WhiteTeamCountry "GER"]
[BlackTeamCountry "GER"]

1. d4 d5 2. Nf3 Nf6 3. g3 e6 4. Bg2 c5 5. 0-0 Nc6 6. b3 cxd4 7. Nxd4 e5 8. Nxc6 bxc6 9. c4 Be6 10. Bb2 Qc7 11. cxd5 cxd5 12. Nd2 Bd6 13. Rc1 Qb8 14. Nc4 0-0 15. Ne3 Rd8 16. Rc2 Qb7 17. Qa1 Rac8 18. Bxe5 Rxc2 19. Nxc2 Bxe5 20. Qxe5 Ng4 21. Qg5 f6 22. Qd2 Bf7 23. Nd4 Qa6 24. Rc1 Ne5 25. Bh3 Re8 26. Bg2 Qb6 27. a4 a5 28. Qc3 h5 29. Qc5 Qd8 30. Qc7 Kf8 31. Qxd8 Rxd8 32. Rc5 Ra8 33. Bxd5 Nd7 34. Rb5 Ra6 35. Bxf7 Kxf7 36. e3 Ne5 37. h4 g6 38. Rb7+ Ke8 39. Kf1 Nd7 40. Ke2 Nc5 41. Rg7 f5 42. f3 Rb6 43. Ra7 Nxb3 44. Nxb3 Rxb3 45. Rxa5 Rb2+ 46. Kf1 Rb1+ 47. Ke2 Rb2+ 48. Kd3 Rg2 49. Rb5 Rxg3 50. a5 Rg1 51. a6 Ra1 52. Rb6 Kf7 53. Kd4 Ra5 54. Rc6 Kg7 55. Rb6 Kh7 56. e4 fxe4 57. fxe4 Kg7 58. Kc4 g5 59. Kb4 Re5 60. a7 Re8 61. Kb5 Re5+ 62. Ka6 Re8 63. hxg5 h4 64. Rh6 h3 65. Rxh3 Re6+ 66. Kb5 Re5+ 67. Kb4 Rxe4+ 68. Kc5 Ra4 69. Kb6 Ra1 70. Rb3 1-0

[Event "Muensterland Regionalliga 1314"]
[Site "Germany"]
[Date "2014.05.03"]
[Round "9.3"]
[White "Wewers, Reinhard"]
[Black "Kammers, Heribert"]
[Result "1-0"]
[WhiteElo "2070"]
[BlackElo "2096"]
[PlyCount "80"]
[EventDate "2013.09.07"]
[EventType "team-tourn"]
[EventRounds "9"]
[EventCountry "GER"]
[SourceTitle "EXT 2015"]
[Source "ChessBase"]
[SourceDate "2014.11.20"]
[SourceVersion "1"]
[SourceVersionDate "2014.11.20"]
[SourceQuality "1"]
[WhiteTeam "Duelmen"]
[BlackTeam "Muenster SK II"]
[WhiteTeamCountry "GER"]
[BlackTeamCountry "GER"]

1. Nf3 d5 2. c4 e6 3. g3 Nf6 4. Bg2 Be7 5. d4 0-0 6. Qc2 c5 7. 0-0 cxd4 8. Nxd4 Nc6 9. Nxc6 bxc6 10. b3 Qa5 11. Bb2 Ba6 12. Nd2 Rac8 13. a3 c5 14. b4 cxb4 15. axb4 Qb6 16. c5 Bxe2 17. cxb6 Rxc2 18. bxa7 Ra8 19. Be5 Rxd2 20. Rfc1 Bc4 21. Rxc4 Nd7 22. Rc7 Nxe5 23. Rxe7 Kf8 24. Rb7 Nc6 25. b5 Rxa7 26. Rbxa7 Nxa7 27. Rxa7 Rb2 28. Bf1 e5 29. Rb7 d4 30. b6 f5 31. Bc4 e4 32. Rf7+ Ke8 33. b7 d3 34. Rxg7 d2 35. Be2 Kd8 36. Rxh7 Rb1+ 37. Kg2 Rb2 38. b8Q+ Rxb8 39. Rh8+ Kc7 40. Rxb8 Kxb8 1-0

[Event "Bad Woerishofen op 30th"]
[Site "Bad Woerishofen"]
[Date "2014.03.23"]
[Round "5"]
[White "Cocchi, Andrea"]
[Black "Kammers, Heribert"]
[Result "1-0"]
[WhiteElo "2321"]
[BlackElo "2165"]
[PlyCount "77"]
[EventDate "2014.03.21"]
[EventType "swiss"]
[EventRounds "9"]
[EventCountry "GER"]
[SourceTitle "CBM 159 Extra"]
[Source "ChessBase"]
[SourceDate "2014.04.24"]
[SourceVersion "1"]
[SourceVersionDate "2014.04.24"]
[SourceQuality "1"]

1. Nf3 d5 2. b3 Nf6 3. Bb2 Bf5 4. g3 e6 5. Bg2 Bd6 6. d3 0-0 7. 0-0 Nbd7 8. Nbd2 Qe7 9. Re1 e5 10. e4 dxe4 11. dxe4 Bg4 12. Nc4 Bb4 13. c3 Bc5 14. Qc2 Rfd8 15. Rad1 h6 16. Rd2 b5 17. Ne3 Be6 18. Nd5 Nxd5 19. exd5 Bg4 20. Nd4 Qg5 21. Nxb5 Rac8 22. b4 Bf8 23. Nxa7 Ra8 24. Nc6 Re8 25. Bc1 Qh5 26. c4 Nf6 27. Bb2 Rxa2 28. Qb3 Rxb2 29. Qxb2 Nh7 30. Qc3 f6 31. Qe3 Ng5 32. f4 Nf3+ 33. Bxf3 Bxf3 34. fxe5 fxe5 35. Rf2 e4 36. Rxf3 exf3 37. Qxe8 f2+ 38. Kxf2 Qxh2+ 39. Kf3 1-0

[Event "Muensterland Regionalliga 1314"]
[Site "Germany"]
[Date "2014.01.18"]
[Round "5.3"]
[White "Kammers, Heribert"]
[Black "Beutelhoff, Josef"]
[Result "0-1"]
[WhiteElo "2096"]
[BlackElo "2029"]
[PlyCount "68"]
[EventDate "2013.09.07"]
[EventType "team-tourn"]
[EventRounds "9"]
[EventCountry "GER"]
[SourceTitle "EXT 2015"]
[Source "ChessBase"]
[SourceDate "2014.11.20"]
[SourceVersion "1"]
[SourceVersionDate "2014.11.20"]
[SourceQuality "1"]
[WhiteTeam "Muenster SK II"]
[BlackTeam "Olfen"]
[WhiteTeamCountry "GER"]
[BlackTeamCountry "GER"]

1. Nf3 Nf6 2. b3 d6 3. d4 g6 4. Bb2 Bg7 5. g3 Nbd7 6. Bg2 0-0 7. 0-0 c5 8. c4 cxd4 9. Nxd4 Nc5 10. Nc3 a6 11. b4 Ne6 12. Nxe6 Bxe6 13. Bxb7 Rb8 14. Bxa6 Rxb4 15. Ba3 Rb6 16. Bb5 Bh3 17. Na4 Rxb5 18. cxb5 Qa8 19. f3 Bxf1 20. Rb1 Bxe2 21. Qxe2 Qxa4 22. Bc1 Nd5 23. Rb3 Rc8 24. Bg5 h6 25. Bf4 g5 26. b6 gxf4 27. b7 Rb8 28. Qc2 Bd4+ 29. Kh1 Qa6 30. Rb1 fxg3 31. hxg3 Nc3 32. Re1 Qxb7 33. Qf5 Qd5 34. Qg4+ Bg7 0-1

[Event "Muensterland op 31st"]
[Site "Senden"]
[Date "2013.10.27"]
[Round "1"]
[White "Kammers, Heribert"]
[Black "Stepa, Rainer"]
[Result "1-0"]
[WhiteElo "2168"]
[BlackElo "1921"]
[PlyCount "91"]
[EventDate "2013.10.27"]
[EventType "swiss"]
[EventRounds "9"]
[EventCountry "GER"]
[SourceTitle "EXT 2014"]
[Source "ChessBase"]
[SourceDate "2013.11.20"]
[SourceVersion "1"]
[SourceVersionDate "2013.11.20"]
[SourceQuality "1"]

1. Nf3 Nf6 2. b3 g6 3. Bb2 Bg7 4. c4 0-0 5. g3 c6 6. Bg2 d5 7. 0-0 b6 8. d4 Nbd7 9. Nc3 Re8 10. Ne5 Bb7 11. e3 Nxe5 12. dxe5 Nd7 13. cxd5 cxd5 14. f4 e6 15. Rf2 Nc5 16. Rd2 Qe7 17. Ba3 Red8 18. Rc1 Bf8 19. Na4 Rac8 20. Rdc2 d4 21. exd4 Bxg2 22. Rxg2 Qd7 23. Nxc5 Qxd4+ 24. Qxd4 Rxd4 25. Nxe6 Rxc1+ 26. Bxc1 Rd1+ 27. Kf2 fxe6 28. Be3 Rd3 29. Ke2 Rc3 30. Bd4 Rc7 31. Kd3 Kf7 32. Rc2 Rd7 33. Ke4 Ba3 34. g4 Kg7 35. h4 Be7 36. h5 gxh5 37. gxh5 Kh6 38. Rc6 Kxh5 39. Rxe6 Kg4 40. f5 Bf8 41. Re8 Ba3 42. Rg8+ Kh3 43. e6 Rc7 44. Rg7 Rxg7 45. Bxg7 Kg4 46. f6 1-0

[Event "Bad Woerishofen op 29th"]
[Site "Bad Woerishofen"]
[Date "2013.03.07"]
[Round "7"]
[White "Kammers, Heribert"]
[Black "Stuemer, Paul"]
[Result "1/2-1/2"]
[WhiteElo "2166"]
[BlackElo "2117"]
[PlyCount "87"]
[EventDate "2013.03.01"]
[EventType "swiss"]
[EventRounds "9"]
[EventCountry "GER"]
[SourceTitle "CBM 153 Extra"]
[Source "ChessBase"]
[SourceDate "2013.04.22"]
[SourceVersion "1"]
[SourceVersionDate "2013.04.22"]
[SourceQuality "1"]

1. d4 Nf6 2. c4 g6 3. Nc3 Bg7 4. e4 0-0 5. f4 c5 6. d5 d6 7. Be2 b5 8. cxb5 e6 9. Nf3 exd5 10. e5 Ne4 11. Qxd5 Nxc3 12. bxc3 Qb6 13. 0-0 Bb7 14. Qxd6 Qxd6 15. exd6 Bxc3 16. Rb1 Nd7 17. Bb2 Bxb2 18. Rxb2 Rfe8 19. Rd1 f6 20. a4 Re4 21. a5 Rae8 22. a6 Ba8 23. Rdd2 Rxf4 24. Bd1 Kf8 25. Re2 Rfe4 26. Rxe4 Rxe4 27. Re2 Rxe2 28. Bxe2 Nb6 29. Nd2 Ke8 30. Bf3 Bxf3 31. gxf3 f5 32. Nb3 c4 33. Nd4 Kd7 34. Kf2 Kxd6 35. Nc6 Kc5 36. Nxa7 Na8 37. Nc8 Kxb5 38. Nd6+ Kc5 39. Nf7 Kd4 40. Ke2 Nb6 41. a7 Kd5 42. Kd2 Kd4 43. Ke2 Kd5 44. Kd2 1/2-1/2

[Event "NRW Class1 1213"]
[Site "Germany"]
[Date "2012.12.16"]
[Round "4.4"]
[White "Mundorf, Johannes"]
[Black "Kammers, Heribert"]
[Result "1/2-1/2"]
[WhiteElo "2197"]
[BlackElo "2089"]
[PlyCount "120"]
[EventDate "2012.09.16"]
[EventType "team-tourn"]
[EventRounds "9"]
[EventCountry "GER"]
[SourceTitle "EXT 2017"]
[Source "ChessBase"]
[SourceDate "2016.10.25"]
[SourceVersion "1"]
[SourceVersionDate "2016.10.25"]
[SourceQuality "1"]
[WhiteTeam "Dinslaken"]
[BlackTeam "Muenster II"]
[WhiteTeamCountry "GER"]
[BlackTeamCountry "GER"]

1. Nf3 d5 2. g3 Nf6 3. Bg2 e6 4. 0-0 c5 5. c4 Nc6 6. cxd5 exd5 7. d4 Be7 8. dxc5 Bxc5 9. a3 Ne4 10. Qd3 0-0 11. Nc3 Nxc3 12. Qxc3 Be7 13. Rd1 Bf6 14. Qb3 Na5 15. Qxd5 Qxd5 16. Rxd5 Nb3 17. Rb1 Nxc1 18. Rxc1 Bxb2 19. Rc7 Be6 20. Rd3 Rfd8 21. Rxb7 Rxd3 22. exd3 Bxa3 23. Nd4 Bf8 24. Nxe6 fxe6 25. Rd7 Rb8 26. Bh3 Rb6 27. Rxa7 Bc5 28. Rc7 Bd4 29. Re7 Kf8 30. Rxe6 Rb2 31. Re4 Bxf2+ 32. Kh1 Bb6 33. Bf5 g6 34. Bg4 Rb1+ 35. Kg2 Rg1+ 36. Kh3 h5 37. Bf3 Rf1 38. Re6 Rxf3 39. Rxb6 Kf7 40. Kh4 Rxd3 41. Kg5 Rd5+ 42. Kh6 h4 43. g4 Rd2 44. g5 Rxh2 45. Rf6+ Ke7 46. Kxg6 Rg2 47. Rf3 Rg3 48. Rf4 h3 49. Rh4 Kf8 50. Kh6 Kf7 51. Rh5 Ke7 52. Kg7 h2 53. g6 Rg2 54. Rh6 Ke8 55. Kh7 Kf8 56. Rh3 Ke7 57. g7 Kf7 58. Rf3+ Ke7 59. Re3+ Kf7 60. Rf3+ Ke7 1/2-1/2

[Event "NRW Class1 1213"]
[Site "Germany"]
[Date "2012.11.18"]
[Round "3.5"]
[White "Tran, Duc Cuong"]
[Black "Kammers, Heribert"]
[Result "1/2-1/2"]
[WhiteElo "2036"]
[BlackElo "2089"]
[PlyCount "75"]
[EventDate "2012.09.16"]
[EventType "team-tourn"]
[EventRounds "9"]
[EventCountry "GER"]
[SourceTitle "EXT 2017"]
[Source "ChessBase"]
[SourceDate "2016.10.25"]
[SourceVersion "1"]
[SourceVersionDate "2016.10.25"]
[SourceQuality "1"]
[WhiteTeam "Lippstadt Turm"]
[BlackTeam "Muenster II"]
[WhiteTeamCountry "GER"]
[BlackTeamCountry "GER"]

1. d4 d5 2. c4 e6 3. Nc3 c5 4. cxd5 exd5 5. Nf3 Nc6 6. g3 Nf6 7. Bg2 Be6 8. 0-0 Be7 9. Bg5 0-0 10. dxc5 Bxc5 11. Bxf6 Qxf6 12. Nxd5 Qxb2 13. Nc7 Rad8 14. Qc1 Qxc1 15. Raxc1 b6 16. Nxe6 fxe6 17. e3 Rd6 18. Rc4 h6 19. Re4 Rf6 20. h4 Kf7 21. Kh2 Ke7 22. Kh3 a5 23. g4 Nb4 24. a4 Nd5 25. Ne5 Nc3 26. Rc4 Nd1 27. Rc2 Bb4 28. Nc4 Rd8 29. Ne5 Ke8 30. Bc6+ Kf8 31. Kg2 Nc3 32. Nd7+ Ke7 33. Nxf6 gxf6 34. Rfc1 Rc8 35. Bb7 Rc5 36. f4 Nxa4 37. Rxc5 Nxc5 38. Bc6 1/2-1/2

[Event "NRW Class1 1213"]
[Site "Germany"]
[Date "2012.10.21"]
[Round "2.5"]
[White "Kammers, Heribert"]
[Black "Robeling, Stephan"]
[Result "1/2-1/2"]
[WhiteElo "2089"]
[BlackElo "1897"]
[PlyCount "48"]
[EventDate "2012.09.16"]
[EventType "team-tourn"]
[EventRounds "9"]
[EventCountry "GER"]
[SourceTitle "EXT 2017"]
[Source "ChessBase"]
[SourceDate "2016.10.25"]
[SourceVersion "1"]
[SourceVersionDate "2016.10.25"]
[SourceQuality "1"]
[WhiteTeam "Muenster II"]
[BlackTeam "Bocholt"]
[WhiteTeamCountry "GER"]
[BlackTeamCountry "GER"]

1. d4 Nf6 2. Bg5 d5 3. e3 e6 4. c4 Be7 5. Nc3 h6 6. Bf4 a6 7. cxd5 exd5 8. Bd3 c5 9. dxc5 Bxc5 10. Nf3 Nc6 11. 0-0 0-0 12. Rc1 Ba7 13. Bb1 Bg4 14. h3 Be6 15. Ne2 Rc8 16. Ned4 Nxd4 17. Nxd4 Rxc1 18. Qxc1 Bxd4 19. exd4 Qb6 20. Bxh6 gxh6 21. Qxh6 Qxd4 22. Qg5+ Kh8 23. Qh6+ Kg8 24. Qg5+ Kh8 1/2-1/2

[Event "Dresden ZMD op-A 21st"]
[Site "Dresden"]
[Date "2012.08.21"]
[Round "4"]
[White "Kammers, Heribert"]
[Black "Brauer, Christian E"]
[Result "1-0"]
[WhiteElo "2053"]
[BlackElo "2009"]
[PlyCount "55"]
[EventDate "2012.08.18"]
[EventType "swiss"]
[EventRounds "9"]
[EventCountry "GER"]
[SourceTitle "CBM 150 Extra"]
[Source "ChessBase"]
[SourceDate "2012.10.19"]
[SourceVersion "1"]
[SourceVersionDate "2012.10.19"]
[SourceQuality "1"]

1. d4 e6 2. c4 f5 3. Nf3 Nf6 4. g3 d5 5. Bg2 c6 6. 0-0 Bd6 7. b3 Qe7 8. a4 a5 9. Ba3 Bxa3 10. Nxa3 0-0 11. Nc2 Na6 12. Nce1 b6 13. Nd3 Bb7 14. Nfe5 Rac8 15. Rc1 c5 16. e3 Rfd8 17. Nf4 g5 18. Nh5 g4 19. Nxf6+ Qxf6 20. f3 Qg5 21. Qe2 h5 22. fxg4 hxg4 23. Rf4 cxd4 24. exd4 Nc7 25. Nxg4 Ba6 26. Ne5 dxc4 27. bxc4 Rxd4 28. Nf3 1-0

[Event "Muensterland Verbandsliga 0910"]
[Site "Germany"]
[Date "2010.05.08"]
[Round "9.5"]
[White "Kammers, Heribert"]
[Black "Luft, Waldemar"]
[Result "1-0"]
[WhiteElo "2030"]
[BlackElo "1905"]
[PlyCount "69"]
[EventDate "2009.09.26"]
[EventType "team-tourn"]
[EventRounds "9"]
[EventCountry "GER"]
[SourceTitle "EXT 2011"]
[Source "ChessBase"]
[SourceDate "2010.11.26"]
[SourceVersion "1"]
[SourceVersionDate "2010.11.26"]
[SourceQuality "1"]
[WhiteTeam "Muenster II"]
[BlackTeam "Nienberge"]
[WhiteTeamCountry "GER"]
[BlackTeamCountry "GER"]

1. d4 Nf6 2. c4 e6 3. Nc3 Bb4 4. e3 b6 5. Bd3 Bb7 6. Nf3 d5 7. Qa4+ Nc6 8. Ne5 Qd6 9. 0-0 a6 10. cxd5 exd5 11. f4 b5 12. Qd1 Bxc3 13. bxc3 Ne4 14. Bxe4 dxe4 15. a4 0-0 16. Ba3 b4 17. cxb4 Rfb8 18. b5 Nb4 19. Qb3 a5 20. Qxf7+ Kh8 21. Bxb4 axb4 22. Qc4 Bd5 23. Qc5 b3 24. Rfb1 h6 25. Qc3 Qe6 26. Nc6 Bxc6 27. Qxc6 Qxc6 28. bxc6 Ra6 29. Ra3 b2 30. Ra2 Rb3 31. Kf2 Rxc6 32. Rbxb2 Rbc3 33. Rb5 g5 34. fxg5 hxg5 35. Rxg5 1-0

[Event "Muensterland Verbandsliga 0910"]
[Site "Germany"]
[Date "2009.11.28"]
[Round "3.5"]
[White "Kammers, Heribert"]
[Black "Ringwelski, Marius"]
[Result "1/2-1/2"]
[WhiteElo "2030"]
[BlackElo "1995"]
[PlyCount "58"]
[EventDate "2009.09.26"]
[EventType "team-tourn"]
[EventRounds "9"]
[EventCountry "GER"]
[SourceTitle "EXT 2011"]
[Source "ChessBase"]
[SourceDate "2010.11.26"]
[SourceVersion "1"]
[SourceVersionDate "2010.11.26"]
[SourceQuality "1"]
[WhiteTeam "Muenster II"]
[BlackTeam "Sendenhorst"]
[WhiteTeamCountry "GER"]
[BlackTeamCountry "GER"]

1. d4 Nf6 2. Nf3 g6 3. c4 Bg7 4. Nc3 0-0 5. e3 d6 6. b4 a5 7. bxa5 c5 8. Be2 cxd4 9. exd4 d5 10. 0-0 dxc4 11. Bxc4 Qc7 12. Qb3 Nc6 13. Nb5 Qxa5 14. d5 Na7 15. Bd2 Qd8 16. Nbd4 b5 17. Nxb5 Nxb5 18. Bxb5 Ba6 19. Bxa6 Rxa6 20. Bb4 Qxd5 21. Bxe7 Rfa8 22. Bxf6 Qxb3 23. axb3 Bxf6 24. Rxa6 Rxa6 25. Rb1 Ra2 26. b4 Bd8 27. Ne5 Bb6 28. Nd3 Rd2 29. Nc5 Bxc5 1/2-1/2